000 00925nas a2200313 4500
001 BR2017003023
003 BR-BrBNA
005 20231205131133.0
007 ta
008 230509b bl.|||p| |||| 00| 00por d
040 _aBR-BrBNA
_bpor
_cBiblioteca Nacional de Agricultura
041 _a(En)
072 _aF01
100 1 _aAllebrandt, R.
100 1 _aMarcon Filho, J.L.
100 1 _aWürz, D>A.
100 1 _aBem, B.P. de
100 1 _aKretzschmar, A.A.
100 1 _aRufato, L.
245 1 _aPruning methods on the yield performance and oenological potential of Nebbiolo grapevine
650 _aUVA
650 _aPODA
650 _aPRÁTICA CULTURAL
650 _aRENDIMENTO
650 _aVITICULTURA
773 0 _tPesquisa Agropecuária Brasileira (Brazil)
_xISSN 0100-204X
_g(Nov 2017), v. 52(11) p. 1017-1022
_wBR2017003023
909 _a202311
_bLúcia
_c55
_dLúcia Elande
942 _2AGRIS
_n0
_cANA
999 _c253205
_d253205